Footballers By Picture and Letter -- 'R' - Statistics

General Stats
  • This quiz has been taken 186 times
  • The average score is 13 of 18
Answer Stats
Picture Hint Answer % Correct
Portugal Cristiano Ronaldo
99%
Brazil Ronaldo
99%
England Wayne Rooney
99%
Brazil Ronaldinho
98%
Spain Sergio Ramos
97%
Netherlands Arjen Robben
95%
Italy Luigi Riva
94%
Brazil Rivaldo
92%
Croatia Ivan Rakitić
87%
Spain Raúl
87%
Argentina Juan Roman Riquelme
77%
Wales Ian Rush
70%
Italy Paolo Rossi
49%
West Germany Karl-Heinz Rummenigge
47%
Argentina Fernando Redondo
34%
Italy Gianni Rivera
27%
France Wendie Renard
26%
Argentina Oscar Ruggeri
12%
No matching quizzes found
Score Distribution
Percent of People with Each Score
Percentile by Number Answered
Your Score History
You have not taken this quiz